000 00549nam a22001937a 4500
999 _c1950
_d1950
003 URS
005 20220114141924.0
008 200120s2002 ph a|||| |||| 00| 0 eng d
020 _a9710862227
040 _cURS
_beng
_drda
050 1 4 _aPL 398.2
_b.S1615 2002
100 _aSalazar, Dionisio S.
245 1 4 _aMga alamat at kwentong bayan
_cDionisio S. Salazar
264 _aMandaluyong City:
_bNational Book Store;
_c[2002]
300 _aviii 208 pages
_bwith illustrations
_c22 cm.
650 _aAlamat
650 _aKwentong Bayan
942 _2lcc
_cF